Pavol Peter Gojdič OSBM prešovský gréckokatolícky biskup (1926-1960)

Bibliographic Details
Main Author: Šturák, Peter, 1964-2025 (Author)
Format: Book
Language:Slovak
PhysicalDescription:127 s. fotogr. 21 cm
Published: Prešov Prešovská univerzita, Gréckokatolícka teologická fakulta 2013
ISBN:9788055509037
Edition:[1. vyd.]
Subjects:

MARC

LEADER 00000nam a2200000 a 4500
001 vtls010567253
003 SK-MaSNL
005 20260425233632.0
008 240314s2013 xo o g bn 000 0bslo
015 |a SNBA2014/01 
020 |a 9788055509037  |q (brož.) 
035 |a 9829F3E3-B558-490E-9797-759876F64484 
035 |a urn:nbn:sk:snk-amkyqq 
035 |a urn:nbn:sk:snk-am008psa 
040 |a SNK  |b slo  |c SNK  |e AACR2 
041 0 |a slo 
043 |a e-xo--- 
044 |a xo  |c SK 
072 7 |a 271/279  |x Kresťanské cirkvi, sekty, denominácie  |2 konspekt 
072 7 |a 929  |x Bigrafie  |2 konspekt 
080 |a (437.6)  |2 2001 
080 |a (092)  |2 2001 
080 |a 27-726.2  |2 2001 
080 |a 2-34  |2 2001 
080 |a 272-528.8  |2 2001 
080 |a 27-674.5  |2 2001 
080 |a 321.74  |2 2001 
100 1 |a Šturák, Peter,  |d 1964-2025  |4 aut  |9 258382 
245 1 0 |a Pavol Peter Gojdič OSBM  |b prešovský gréckokatolícky biskup (1926-1960)  |c Peter Šturák 
250 |a [1. vyd.] 
260 |a Prešov  |b Prešovská univerzita, Gréckokatolícka teologická fakulta  |c 2013 
300 |a 127 s.  |b fotogr.  |c 21 cm 
504 |a Bibliogr.: s. 101-108 ; bibliogr. odkazy ; pozn. 
600 1 7 |a Gojdič, Pavol,  |c blahoslavený,  |d 1888-1960  |2 SNKMA  |9 157733 
648 7 |a 20. stor.  |2 SNKPH  |9 275975 
648 7 |a 20th century  |2 SNKPHeng  |9 277995 
650 0 7 |a biskupi  |2 SNKPH  |9 1760 
650 0 7 |a Bishops  |2 SNKPHeng  |9 287787 
650 0 7 |a gréckokatolícke cirkvi  |2 SNKPH  |9 75809 
650 0 7 |a Martyrs  |2 SNKPHeng  |9 373144 
650 0 7 |a mučeníci  |2 SNKPH  |9 3419 
650 0 7 |a Greek Catholic churches  |2 SNKPHeng  |9 329713 
650 0 7 |a Religious persecution  |2 SNKPHeng  |9 265800 
650 0 7 |a náboženská perzekúcia  |2 SNKPH  |9 68303 
650 0 7 |a komunistický režim  |2 SNKPH  |9 4699 
650 0 7 |a Communist regime  |2 SNKPHeng  |9 306476 
651 7 |a Slovensko  |2 SNKPH  |9 14231 
651 7 |a Slovakia  |2 SNKPHeng  |9 92630 
655 7 |a biografie  |2 SNKPH  |9 27965 
655 7 |a Biography  |2 SNKPHeng  |9 266314 
919 |a 978-80-555-0903-7 
958 |a NB 
958 |a BX 
958 |a NT 
999 |c 771528  |d 773458 
952 |a SNK  |b SNK  |y PREZ  |7 0  |p 17A1082711  |o snkSC 157526  |i snk2014/182  |8 0  |0 0  |1 0  |4 0  |d 2014-01-03  |f 1  |l 0  |r 2025-08-19 00:00:00  |w 2026-02-24 
952 |a SNK  |b SNK  |y VYP  |7 0  |p 17A1082712  |o snkSC 157526 D1  |i snk2014/183  |8 0  |0 0  |1 0  |4 0  |d 2014-01-03  |l 0  |r 2026-02-24 00:37:10  |w 2026-02-24